Detalles MARC
| 000 -LÍDER |
| Campo fijo de descripción fija |
02139nam a2200373 i 4500 |
| 001 - NÚMERO DE CONTROL |
| Campo de control |
768714001 |
| 003 - IDENTIFICADOR DEL NÚMERO DE CONTROL |
| Campo de control |
CO-MdFUSB |
| 005 - FECHA Y HORA DE LA ULTIMA TRANSACCIÓN |
| control field |
20230411102649.0 |
| 007 - CAMPO FIJO DE DESCRIPCIÓN FIJA--INFORMACIÓN GENERAL |
| Campo fijo de descripción fija |
ta |
| 008 - ELEMENTOS DE LONGITUD FIJA -- INFORMACIÓN GENERAL |
| Campo fijo de descripción fija -- Información general |
220212t1990 -us |||| |||| 00| 0 spa d |
| 020 ## - NÚMERO INTERNACIONAL NORMALIZADO PARA LIBROS |
| Número Internacional Normalizado del libro |
0829707530 |
| 040 ## - FUENTE DE CATALOGACIÓN |
| Agencia de catalogación original |
CO-MdFUSB |
| Idioma de catalogación |
spa |
| Agencia que realiza la transcripción |
CO-MdFUSB |
| Agencia que realiza la modificación |
CO-MdFUSBC |
| Convenciones de la descripción |
rda |
| 041 ## - CÓDIGO DE IDIOMA |
| Código de idioma para texto/pista de sonido o título separado |
spa |
| Código de idioma original |
eng |
| 082 ## - NÚMERO DE CLASIFICACIÓN DECIMAL DEWEY |
| Número de la edición del Dewey |
23 |
| Número de clasificación |
813.6 |
| Clave de autor-Numero de item |
P437 |
| 100 ## - ASIENTO PRINCIPAL--NOMBRE PERSONAL |
| Nombre personal |
Peretti, Frank E. |
| Término relacionador |
autor |
| 240 ## - TITULO UNIFORME |
| Título uniforme |
<a href="Piercing the darkness">Piercing the darkness</a> |
| 245 1# - TÍTULO |
| Título del Material |
Penetrando la oscuridad : |
| Parte restante del título - Subtitulo |
novela |
| Mención de responsabilidad, etc. |
/ Frank E. Peretti ; traducido por Jorge Arbeláez Giraldo |
| 264 #1 - PRODUCCIÓN, PUBLICACIÓN, DISTRIBUCIÓN, MANUFACTURA, Y COPYRIGHT |
| Lugar de producción, publicación, distribución, manufactura |
Deerfield, Florida : |
| Nombre del productor, publicador, distribuidor |
Vida, |
| Fecha de producción, publicación, distribución, manufactura, o copyright |
[1990] |
| 264 #4 - PRODUCCIÓN, PUBLICACIÓN, DISTRIBUCIÓN, MANUFACTURA, Y COPYRIGHT |
| Fecha de producción, publicación, distribución, manufactura, o copyright |
© 1990 |
| 300 ## - DESCRIPCIÓN FÍSICA |
| Extensión |
463 páginas |
| Dimensiones |
; 21 cm |
| 336 ## - TIPO DE CONTENIDO |
| Fuente |
rdacontent |
| Término de tipo de contenido |
texto |
| Código de tipo de contenido |
txt |
| 337 ## - TIPO DE MEDIO |
| Fuente |
rdamedia |
| Nombre del tipo de medio |
sin mediación |
| Código del tipo de medio |
n |
| 338 ## - TIPO DE SOPORTE |
| Fuente |
rdacarrier |
| Nombre del tipo de soporte |
volumen |
| Código Tipo de soporte |
nc |
| 505 ## - NOTA DE CONTENIDO |
| Nota de contenido con formato preestablecido |
Esta oscuridad presente -- Perforando la oscuridad. |
| 520 ## - NOTA DE RESUMEN, ETC. |
| Nota de sumario, etc. |
Esta patente oscuridad tiene como escenario un típico pueblo pequeño llamado Ashton, donde nada parece suceder. Hasta que... un reportero escéptico y un pastor intercesor comienzan a comparar notas. De repente se encuentran peleando contra un horrible complot de la Nueva Era para subyugar a la gente del pueblo y, con el tiempo, a la humanidad entera. La batalla contra el mal continua en Penetrando la oscuridad, donde una joven solitaria que huye para salvar su vida mientras trata de recordar su oscuro pasado encuentra refugio en una pequeña comunidad agrícola llamada Bacon’s Corner. Allí se encuentra atrapada en medio de sucesos extraños… desde un atentado de asesinato hasta una despiadada acción legal contra una escuela cristiana en problemas. A lo largo de un panorama vasto de acción emocionante, estas historias constituyen un cuadro penetrante de nuestro mundo, un reflejo de sus andanzas espirituales, un vívido recordatorio del poder redentor de la cruz. |
| 563 ## - NOTA DE ENCUADERNACIÓN |
| Nota de encuadernación |
Rústico |
| 650 #0 - ASIENTO SECUNDARIO DE MATERIA - TERMINO TEMÁTICO |
| 9 (RLIN) |
19 |
| Término temático o nombre geográfico como elemento de entrada |
Vida cristiana |
| 650 #7 - ASIENTO SECUNDARIO DE MATERIA - TERMINO TEMÁTICO |
| 9 (RLIN) |
2493 |
| Término temático o nombre geográfico como elemento de entrada |
Literatura norteamericana |
| Fuente del encabezamiento o término |
embne |
| 653 ## - TÉRMINO DE INDIZACIÓN - NO CONTROLADO |
| Término no controlado |
Cristianismo -- Ficción. |
| 653 ## - TÉRMINO DE INDIZACIÓN - NO CONTROLADO |
| Término no controlado |
Literatura evangélica. |
| 700 ## - ASIENTO SECUNDARIO - NOMBRE PERSONAL |
| Nombre personal |
Giraldo, Jorge Arbeláez. |
| 9 (RLIN) |
6310 |
| 942 ## - TIPO DE MATERIAL (KOHA) |
| Tipo de Item KOHA |
Libros General |
| 945 ## - INFORMACIÓN LOCAL DEL REGISTRO |
| Catalogador |
JTF-925 |